| 000 | 00697nam a2200217 a 4500 | ||
|---|---|---|---|
| 005 | 20140311163003.0 | ||
| 008 | 000603s19uu xx 00 eng d | ||
| 020 | _a9780534264369 | ||
| 050 |
_aBF 721 _b.Sh4688 1996 |
||
| 100 | _aShaffer, David R. | ||
| 245 |
_aDevelopmental psychology : _bchildhood and adolescence / _cDavid R. Shaffer. |
||
| 250 | _a4th ed. | ||
| 260 |
_aUSA : _bBrooks / Cole Publishing Company, _c1996. |
||
| 300 |
_a689 p. : _bill. col. ; _c27 cm. |
||
| 500 | _aIncludes bibliographical references and index. | ||
| 521 | _aPSYCH | ||
| 650 | _aChild psychology | ||
| 650 |
_aAdolescent psychology _x3.Development psychology |
||
| 942 |
_cBK _2lcc _kFOR |
||
| 999 |
_c39260 _d39260 |
||